The conflict of laws / (Record no. 611988)
[ view plain ]
| 000 -LEADER | |
|---|---|
| fixed length control field | 01441cam a2200361 i 4500 |
| 001 - CONTROL NUMBER | |
| control field | 19113704 |
| 005 - DATE AND TIME OF LATEST TRANSACTION | |
| control field | 20241007151249.0 |
| 008 - FIXED-LENGTH DATA ELEMENTS--GENERAL INFORMATION | |
| fixed length control field | 160531s2016 enk b 001 0 eng |
| 010 ## - LIBRARY OF CONGRESS CONTROL NUMBER | |
| LC control number | 2016943273 |
| 020 ## - INTERNATIONAL STANDARD BOOK NUMBER | |
| International Standard Book Number | 9780198732297 (pbk.) |
| 020 ## - INTERNATIONAL STANDARD BOOK NUMBER | |
| International Standard Book Number | 0198732295 (pbk.) |
| 040 ## - CATALOGING SOURCE | |
| Original cataloging agency | DLC |
| Language of cataloging | eng |
| Description conventions | rda |
| Transcribing agency | DLC |
| 042 ## - AUTHENTICATION CODE | |
| Authentication code | pcc |
| 043 ## - GEOGRAPHIC AREA CODE | |
| Geographic area code | e-uk-en |
| 050 00 - LIBRARY OF CONGRESS CALL NUMBER | |
| Classification number | KD680 |
| Item number | .C53 2016 |
| 082 ## - DEWEY DECIMAL CLASSIFICATION NUMBER | |
| Classification number | 340.9 |
| Author Mark | HIL |
| 100 1# - MAIN ENTRY--PERSONAL NAME | |
| Personal name | Hill, Jonathan, |
| Dates associated with a name | 1961- |
| Relator term | author. |
| 9 (RLIN) | 126271 |
| 245 14 - TITLE STATEMENT | |
| Title | The conflict of laws / |
| Statement of responsibility, etc. | Jonathan Hill, LLB, LLM, PhD, Professor of Law, University of Bristol; Máire Ní Shúilleabháin, BCL, LLM, PhD, Assistant Professor of Law, University College Dublin. |
| 246 3# - VARYING FORM OF TITLE | |
| Title proper/short title | The conflict of laws. |
| 250 ## - EDITION STATEMENT | |
| Edition statement | Fifth edition. |
| 264 #1 - PRODUCTION, PUBLICATION, DISTRIBUTION, MANUFACTURE, AND COPYRIGHT NOTICE | |
| Place of production, publication, distribution, manufacture | Oxford, United Kingdom ; |
| -- | New York, NY : |
| Name of producer, publisher, distributor, manufacturer | Oxford University Press, |
| Date of production, publication, distribution, manufacture, or copyright notice | [2016] |
| 300 ## - PHYSICAL DESCRIPTION | |
| Extent | lii, 540 pages ; |
| Dimensions | 25 cm |
| 336 ## - CONTENT TYPE | |
| Content type term | text |
| Content type code | txt |
| Source | rdacontent |
| 337 ## - MEDIA TYPE | |
| Media type term | unmediated |
| Media type code | n |
| Source | rdamedia |
| 338 ## - CARRIER TYPE | |
| Carrier type term | volume |
| Carrier type code | nc |
| Source | rdacarrier |
| 504 ## - BIBLIOGRAPHY, ETC. NOTE | |
| Bibliography, etc. note | Includes bibliographical references and index. |
| 650 #0 - SUBJECT ADDED ENTRY--TOPICAL TERM | |
| Topical term or geographic name entry element | Conflict of laws |
| Geographic subdivision | England. |
| 9 (RLIN) | 126272 |
| 700 1# - ADDED ENTRY--PERSONAL NAME | |
| Personal name | Ni Shuilleabhain, Maire |
| Fuller form of name | (Maire Treasa) |
| Relator term | author. |
| 9 (RLIN) | 126273 |
| 700 1# - ADDED ENTRY--PERSONAL NAME | |
| Personal name | Clarkson, C. M. V. |
| Fuller form of name | (Christopher M. V.). |
| Title of a work | Conflict of laws. |
| 9 (RLIN) | 126274 |
| 906 ## - LOCAL DATA ELEMENT F, LDF (RLIN) | |
| a | 7 |
| b | cbc |
| c | origcop |
| d | 2 |
| e | epcn |
| f | 20 |
| g | y-gencatlg |
| 942 ## - ADDED ENTRY ELEMENTS (KOHA) | |
| Source of classification or shelving scheme | |
| Koha item type | Book |
| Withdrawn status | Lost status | Source of classification or shelving scheme | Damaged status | Not for loan | Permanent Location | Current Location | Shelving location | Date acquired | Source of acquisition | Full call number | Barcode | Date last seen | Price effective from | Koha item type |
|---|---|---|---|---|---|---|---|---|---|---|---|---|---|---|
| NUST Law School (NLS) | NUST Law School (NLS) | Law | 10/07/2024 | Progressive International | 340.9 HIL | CL-1580 | 10/07/2024 | 10/07/2024 | Book |
